<?xml version="1.0" encoding="UTF-8"?>
<record
    xmlns:xsi="http://www.w3.org/2001/XMLSchema-instance"
    xsi:schemaLocation="http://www.loc.gov/MARC21/slim http://www.loc.gov/standards/marcxml/schema/MARC21slim.xsd"
    xmlns="http://www.loc.gov/MARC21/slim">

  <leader>01464nam a22002057a 4500</leader>
  <controlfield tag="001">1733</controlfield>
  <controlfield tag="005">20230921162937.0</controlfield>
  <datafield tag="020" ind1=" " ind2=" ">
    <subfield code="a">9781862008625</subfield>
  </datafield>
  <datafield tag="040" ind1=" " ind2=" ">
    <subfield code="a">FISKH</subfield>
    <subfield code="b">eng</subfield>
    <subfield code="c">FISKH</subfield>
    <subfield code="d">FISKH</subfield>
  </datafield>
  <datafield tag="050" ind1=" " ind2=" ">
    <subfield code="a">F128.3</subfield>
  </datafield>
  <datafield tag="082" ind1=" " ind2=" ">
    <subfield code="a">974.71</subfield>
  </datafield>
  <datafield tag="100" ind1=" " ind2=" ">
    <subfield code="a">Henry, Sarah</subfield>
  </datafield>
  <datafield tag="245" ind1=" " ind2=" ">
    <subfield code="a">New York /</subfield>
    <subfield code="b">the story of a great city</subfield>
    <subfield code="c">In association with and written by the Museum of The City of New York</subfield>
  </datafield>
  <datafield tag="250" ind1=" " ind2=" ">
    <subfield code="a">This edition published in 2011 by Sevenoaks</subfield>
  </datafield>
  <datafield tag="260" ind1=" " ind2=" ">
    <subfield code="a">London :</subfield>
    <subfield code="b">Carlton Books,</subfield>
    <subfield code="c">2011</subfield>
  </datafield>
  <datafield tag="300" ind1=" " ind2=" ">
    <subfield code="a">124 pages :</subfield>
    <subfield code="c">31 x 28 cm</subfield>
  </datafield>
  <datafield tag="520" ind1=" " ind2=" ">
    <subfield code="a">Few cities make your heart race faster just by standing on their streets, but New York exerts an influence that stretches far beyond the city's limits. New York: The Story of a Great City tells concisely and entertainingly how the city developed from the land inhabited by the Lenape people to the great metropolis it is today. Organized both thematically and chronologically, the book brings the city's history to life. The book contains stunning images as wells as documents printed on the page including - diary extracts, immigration papers, maps, newspaper clippings, playbills, letters and posters. All go to highlight the ups and downs of the city's past. As Agatha Christie once said, "It is ridiculous to set a detective story in New York City, New York City is itself a detective story." Now the reader can discover that story in the comfort of his or her own armchair.</subfield>
  </datafield>
  <datafield tag="650" ind1=" " ind2=" ">
    <subfield code="a">New York</subfield>
  </datafield>
  <datafield tag="942" ind1=" " ind2=" ">
    <subfield code="2">ddc</subfield>
    <subfield code="c">BK</subfield>
    <subfield code="n">0</subfield>
  </datafield>
  <datafield tag="999" ind1=" " ind2=" ">
    <subfield code="c">1733</subfield>
    <subfield code="d">1733</subfield>
  </datafield>
  <datafield tag="952" ind1=" " ind2=" ">
    <subfield code="0">0</subfield>
    <subfield code="1">0</subfield>
    <subfield code="2">ddc</subfield>
    <subfield code="4">0</subfield>
    <subfield code="7">0</subfield>
    <subfield code="8">NFIC</subfield>
    <subfield code="a">001</subfield>
    <subfield code="b">001</subfield>
    <subfield code="c">TKSNF</subfield>
    <subfield code="d">2023-09-21</subfield>
    <subfield code="l">0</subfield>
    <subfield code="o">HEN 974.71 F128.3</subfield>
    <subfield code="p">2023-0693</subfield>
    <subfield code="r">2023-09-21 16:29:25</subfield>
    <subfield code="w">2023-09-21</subfield>
    <subfield code="y">BK</subfield>
  </datafield>
</record>
